000 01127nam a22002777a 4500
005 20240530110552.0
008 160217s2012 ku d g b 000 0 ara d
017 _a233/1/2012
_bالكويت . دائرة المكتبة الوطنية
040 _aEG-CaGPL
082 0 4 _221
_a410.14\
_bث م
100 0 _aثائر يوسف عودة
245 1 0 _aمهارات الاتصال الفعال باللغة العربية :
_bالمستوى الجامعى /
_cتاليف ثائر يوسف عودة
250 _aط1
260 _aالكويت :
_bمكتبة الفلاح للنشر و التوزيع ،
_c2012 .
300 _a318 ص :
_bجداول ؛
_c24 سم .
504 _aيشتمل على ارجاعات ببليوجرافية
650 0 4 _aالللغة العربية
_xتعليم و تدريس
650 0 4 _aالكتابة العربية
_xعلم
650 0 4 _aكتابة الرسائل
650 0 4 _aكتابة التقارير
650 0 4 _aكتابة الاعلان
650 0 4 _aالخطابة
650 0 4 _aالمقالة
_xتحليل
942 _2ddc
_cBK
999 _c62474
_d62474